Most Dangerous Countries - Statistics

General Stats
  • This quiz has been taken 204 times
  • The average score is 10 of 15
Answer Stats
Hint Answer % Correct
Car bombing and suicide bombings are common in this country. Recently, the Islamic militant group ISIS made this Middle Eastern nation their headquarters, and led a war on foreign religions here. Iraq
95%
War-torn Asian country. Both Soviet Union and America had invaded it at one point. Large Islamic group that holds large provinces under control. No religious freedom or women's rights. Afghanistan
91%
Dynasty-Communist country in Asia. Anti-American and Anti-Japanese. Brainwashing and slavery is not unheard of. No rights to any civilian in this country. North Korea
89%
Chemical warfare and bombings have increased greatly in this Middle Eastern nation. Civil war has taken toll in this historically-peaceful desert country. Syria
89%
Large Islamic-controlled country. No religious independence, women's rights, or police force. Famous for pirating. Somalia
86%
This African country, divided between the Christian South and Islamic North, went into civil war, and ended up giving the south independence. Sudan
80%
Its neighboring country is far more notorious, but this country has faced silent rebellion lately, and it is currently very unsafe in this South American nation. Drug trade and poverty led to the unstability. Venezuela
70%
Larger cities in this huge nation are more peaceful, while smaller Southern cities are under threat by Islamic militants, and the Eastern province is full of seperatists. Russia
66%
Islamic terrorist groups have exiled most Jews out of this Middle Eastern country. The government and high-majority of civilians are constantly trying to remove the militants from their country. Yemen
60%
The countryside of this Asian country may be more dangerous than the coastal cities. Religious independence, democracy, and equal rights are slowly tearing this high-population country apart. China
58%
This Asian island country suffered an awful civil war, which much of the world ignored. Parts of this country are still unsafe due to rape and crime. Sri Lanka
57%
A total switch of name after a civil war makes this Asian country's danger unique. It is one of the few unstable nations in the world friendly to the West and the United States. Forms of communism and slavery make this country notorious in its region. Burma
50%
Disease and warfare have killed thousands in this Islamic African nation. It has had one of the highest rates of Ebola in the world, and suffered Civil war. Sierra Leone
47%
One of the few African countries where Christians are prosecuting Muslims, many mosques have been torn down, and rape is not uncommon. This country has some of the largest foreign aid coming in to it. Central African Republic
36%
This quiet European country fell into dissolution when its former country broke apart. Civil war destroyed the capital city and much of the countryside. Politics in this country are still unstable, Bosnia and Herzegovina
26%
No matching quizzes found
Score Distribution
Percent of People with Each Score
Percentile by Number Answered
Your Score History
You have not taken this quiz